000 01491nam a2200313 a 4500
001 ebr10513576
003 CaPaEBR
006 m u
007 cr cn|||||||||
008 111128s2011 enka s 001 0 eng d
020 _z9781849680660
020 _z9781849680677 (e-book)
040 _aCaPaEBR
_cCaPaEBR
035 _a(OCoLC)712294708
050 1 4 _aTK5105.875.I6
_bM53 2011eb
245 0 0 _aMicrosoft SharePoint 2010 end user guide
_h[electronic resource] :
_bbusiness performance enhancement : taking the basics to the business with no-coding solutions for SharePoint 2010 : a from-the-trenches tutorial filled with hints, tips, and real world best practices for applying SharePoint 2010 to your business /
_cMichael McCabe, Peter Ward ; [foreword by Mark Miller].
260 _aBirmingham, U.K. :
_bPackt Enterprise,
_c2011.
300 _axiii, 394 p. :
_bill. (chiefly col.)
500 _aIncludes index.
533 _aElectronic reproduction.
_bPalo Alto, Calif. :
_cebrary,
_d2012.
_nAvailable via World Wide Web.
_nAccess may be limited to ebrary affiliated libraries.
630 0 0 _aMicrosoft SharePoint (Electronic resource)
650 0 _aIntranets (Computer networks)
655 7 _aElectronic books.
_2local
700 1 _aMcCabe, Michael.
700 1 _aWard, Peter.
700 1 _aMiller, Mark.
710 2 _aebrary, Inc.
856 4 0 _uhttp://site.ebrary.com/lib/rucke/Doc?id=10513576
_zAn electronic book accessible through the World Wide Web; click to view
999 _c220114
_d220114